000 01225cam a22003374a 4500
999 _c7382
_d7382
001 2629791
003 GZU
005 20210510104405.0
008 990128s1999 maua b 001 0 eng
010 _a 99018731
020 _a0750670886 (alk. paper)
035 _a(DLC) 99018731
040 _aDLC
_cDLC
_dDLC
042 _apcc
050 0 0 _aHD30.2
_b.KNO 1999
245 0 0 _aKnowledge and strategy /
_cedited by Michael H. Zack.
260 _aBoston, MA :
_bButterworth-Heinemann,
_cc1999.
300 _axii, 312 p. :
_bill. ;
_c24 cm.
440 0 _aResources for the knowledge-based economy
504 _aIncludes bibliographical references and index.
650 0 _aKnowledge management.
650 0 _aInformation technology.
650 0 _aStrategic planning.
650 0 _aOrganization.
700 1 _aZack, Michael H.
_eeditor
856 4 1 _3Table of contents
_uhttp://www.loc.gov/catdir/toc/els033/99018731.html
856 4 2 _3Publisher description
_uhttp://www.loc.gov/catdir/description/els033/99018731.html
906 _a7
_bcbc
_corignew
_d1
_eocip
_f19
_gy-gencatlg
942 _2lcc
_cBK
_h30.2
_iKNO
_kHD